000 00364nam a2200133Ia 4500
005 20260328104259.0
008 260328s9999||||xx |||||||||||||| ||und||
100 _aHallgrimsson, Bjarki
245 0 _aDiseño de Producto :
_b Maquetas y Prototipos /
_cBjarki Hallgrimsson
260 _bPromopress
300 _a192 p.
650 _aDISEÑO INDUSTRIAL
942 _cBK
999 _c10560
_d10560